Image-based material characterization of complex microarchitectured additively manufactured structures

Elmentve itt :
Bibliográfiai részletek
Szerzők: Korshunova N.
Jomo J.
Lékó Gábor
Reznik D.
Balázs Péter Attila
Kollmannsberger S.
Dokumentumtípus: Cikk
Megjelent: 2020
Sorozat:COMPUTERS AND MATHEMATICS WITH APPLICATIONS 80 No. 11
Tárgyszavak:
doi:10.1016/j.camwa.2020.07.018

mtmt:31645537
Online Access:http://publicatio.bibl.u-szeged.hu/24979
LEADER 00955nab a2200265 i 4500
001 publ24979
005 20220831110715.0
008 220831s2020 hu o 0|| Angol d
022 |a 0898-1221 
024 7 |a 10.1016/j.camwa.2020.07.018  |2 doi 
024 7 |a 31645537  |2 mtmt 
040 |a SZTE Publicatio Repozitórium  |b hun 
041 |a Angol 
100 1 |a Korshunova N. 
245 1 0 |a Image-based material characterization of complex microarchitectured additively manufactured structures  |h [elektronikus dokumentum] /  |c  Korshunova N. 
260 |c 2020 
300 |a 2462-2480 
490 0 |a COMPUTERS AND MATHEMATICS WITH APPLICATIONS  |v 80 No. 11 
650 4 |a Számítás- és információtudomány 
700 0 1 |a Jomo J.  |e aut 
700 0 1 |a Lékó Gábor  |e aut 
700 0 1 |a Reznik D.  |e aut 
700 0 1 |a Balázs Péter Attila  |e aut 
700 0 1 |a Kollmannsberger S.  |e aut 
856 4 0 |u http://publicatio.bibl.u-szeged.hu/24979/1/08_camwa_2020.pdf  |z Dokumentum-elérés